000 01053nam a2200289 4500
001 0000016814
003 CO-CtgCURN
005 20250515224832.0
007 ta
008 160627s1997 000 0 eng d
020 _a9586350649
040 _aCO-CtgCURN
_bspa
_ccoctgcurn
082 0 _a347.06
_bP25t
100 1 _aParra Quijano, Jairo.
245 1 0 _aTratado de la prueba judicial indicios y presunciones /
_cJairo Parra Quijano.
250 _a3a ed. ampliada y actualizada.
260 _aBogotá :
_bEdiciones Libreria del Profesional,
_c1997.
300 _aV. 4.
336 _2rdacontent
337 _2rdamedia
_asin mediacion
_bn
338 _2rdacarrier
_avolumen
_bnc
505 8 _aLos indicios.--De las presunciones.--Legislacion comparada.--Presunciones en el derecho comercio.--Pesunciones en el derecho civil.--Presunciones de paternidad extramatrimonial
650 1 4 _aPrueba indiciaria.
908 _a160627
942 _cBK
_h347.06
_iP25t
_2ddc
_n0
999 _c20488
_d20488